MARC

LEADER 00000nam0a2200000 4500
001 302180
005 20231102001457.0
020 |a RU  |b 83-18331 
035 |a (RuTPU)RU\TPU\book\327377 
090 |a 302180 
100 |a 20150819d1983 m y0rusy5003 ca 
101 0 |a rus 
102 |a RU 
105 |a y z 001zy 
200 1 |a Избранные педагогические сочинения  |f Н. Г. Чернышевский  |g Академия педагогических наук СССР ; под ред. А. В. Плеханов ; сост. А. Ф. Смирнов ; авт. предисл. М. И. Кондаков 
210 |a Москва  |c Педагогика  |d 1983 
215 |a 335 с. 
225 1 |a Педагогическая библиотека 
320 |a Указатель имен: с. 331-333 
320 |a Библиография: с. 302-306 
606 1 |a Педагогика  |x История  |y СССР  |y Россия  |2 stltpush  |3 (RuTPU)RU\TPU\subj\48424  |9 67294 
610 1 |a педагоги 
610 1 |a педагогическая мысль 
610 1 |a педагогические воззрения 
610 1 |a педагогические исследования 
610 1 |a Россия 
610 1 |a литературно-критические статьи 
610 1 |a детская литература 
686 |a Ч33(2)  |v LBC/SL-A  |2 rubbk 
700 1 |a Чернышевский  |b Н. Г.  |4 070 
702 1 |a Плеханов  |b А. В.  |4 340 
702 1 |a Смирнов  |b А. Ф.  |4 220 
702 1 |a Кондаков  |b М. И.  |4 080 
712 0 2 |a Академия педагогических наук СССР  |2 stltpush  |3 (RuTPU)RU\TPU\col\5263  |9 24078 
801 0 |a RU  |b RuMRKP  |c 19950704  |g psbo 
801 1 |a RU  |b 63413507  |c 20150819 
801 2 |a RU  |b 63413507  |c 20170810  |g RCR 
942 |c BK